Statistics for NAME THAT CHILDHOOD SHOW

Click here to take the quiz!

General Stats

  • This quiz has been taken 88 times
  • The average score is 2 of 6

Answer Stats

HintAnswer% Correct
tells the story of a 10-year-old boy who is neglected by his parents and abused by his babysitter, One day, he is granted two fairy godparents, who grant his every wish to improve his miserable life.The Fairly Oddparents
83%
Four ninja turtles, mutated by a mysterious alien substance, must rise up out of the sewers and defend their city against evil forces from both the past and present.TMNT
61%
The series follows a teenage boy who, after an accident with an unpredictable portal between the human world and the "Ghost Zone", becomes a human-ghost hybrid and takes on the task of saving his town (and the world) from subsequent ghost attacks using an evolving variety of supernatural powers.Danny phantom
41%
tells the simple story of a 10-year-old boy and his robot dog - battling evil, rescuing his parents, saving the Earth - and returning home in time for dinner.Jimmy Neutron
27%
The adventures of a group of ten-year-old friends who fight for the right to do everything that adults restrict from them.Kids next door
8%
An alien from the planet Irk is sent on a secret mission to conquer Earth, not realising that his leaders were just trying to get rid of him and hoped that he would die.Zanderzim
4%

Score Distribution

Percentile by Number Answered

Percent of People with Each Score

Your Score History

You have not taken this quiz